Central Library OPAC University of Rajshahi

Report of the east bengal educational system reconstruction committee / (Record no. 61063)

MARC details
000 -LEADER
fixed length control field 00680nam a2200205 a 4500
001 - CONTROL NUMBER
control field 61063
003 - CONTROL NUMBER IDENTIFIER
rucl marc code BD-RjUL
005 - DATE AND TIME OF LATEST TRANSACTION
control field 20211209080922.0
008 - FIXED-LENGTH DATA ELEMENTS--GENERAL INFORMATION
fixed length control field 170114s1952 pk ||||| |||| 00| 0 eng d
035 ## - SYSTEM CONTROL NUMBER
System control number (BD-RjUL) 61187
040 ## - CATALOGING SOURCE
Original cataloging agency BD-RjUL
Language of cataloging eng
Transcribing agency BD-RjUL
Modifying agency BD-RjUL
041 ## - LANGUAGE CODE
Language code of text/sound track or separate title eng
082 ## - DEWEY DECIMAL CLASSIFICATION NUMBER
Edition number 23
Classification number 370.95492
Author mark and year EAR 1952
110 ## - MAIN ENTRY--CORPORATE NAME
Corporate name or jurisdiction name as entry element East Pakistan (Pakistan).
Title of a work East Bengal Educational System Reconstruction Committee.
9 (RLIN) 182230
245 ## - TITLE STATEMENT
Title Report of the east bengal educational system reconstruction committee /
260 ## - PUBLICATION, DISTRIBUTION, ETC. (IMPRINT)
Place of publication, distribution, etc. Dacca :
Name of publisher, distributor, etc. East Bengal Govt. Press,
Date of publication, distribution, etc. 1952.
300 ## - PHYSICAL DESCRIPTION
Pagination 445 p. ;
Size 23 cm.
650 ## - SUBJECT ADDED ENTRY--TOPICAL TERM
Topical term or geographic name as entry element Education
Geographic subdivision Bangladesh
9 (RLIN) 178125
942 ## - ADDED ENTRY ELEMENTS (KOHA)
Source of classification or shelving scheme Dewey Decimal Classification
Koha item type Books
Holdings
Lost status Source of classification or shelving scheme Damaged status Not for loan Collection code Permanent Location Current Location Shelving location Date acquired Source of acquisition Cost, normal purchase price Total Checkouts Full call number Date last seen Copy number Koha item type
  Dewey Decimal Classification   Not For Loan Non-fiction Central Library, University of Rajshahi Central Library, University of Rajshahi Reading Room 13/04/1967 Mohiuddin & Sons. Dacca 5.00   370.95492 EAR 1952 14/01/2017 C-1 Books